| 000 | 00338nam a22001217a 4500 | ||
|---|---|---|---|
| 999 |
_c15403 _d15403 |
||
| 020 | _a9788183601467 | ||
| 082 |
_a664.02 _bANS/TH |
||
| 100 |
_aAnsari, Md.Irfan Ahmad _aPramod Rai _93080 |
||
| 245 | _aTheoretical concepts and formulas in food process engineering | ||
| 260 |
_aNew Delhi _bJain Brothers _c2010 |
||
| 300 | _a254p | ||
| 942 | _cBK | ||